[Event "South Wales International"]
[Site "Penarth Conservative Club, WLS"]
[Date "2013.07.17"]
[Round "7.2"]
[White "Petrov, Marijan"]
[Black "Wells, Peter K"]
[Result "1/2-1/2"]
[WhiteElo "2478"]
[BlackElo "2479"]
[PlyCount "28"]
[EventDate "2013.??.??"]

1. e4 c5 2. Nf3 d6 3. d4 cxd4 4. Nxd4 Nf6 5. Nc3 Nc6 6. f4 g6 7. Be2 Bg7 8. Be3
O-O 9. O-O Qb6 10. Qd3 Ng4 11. Bxg4 Bxd4 12. Bxd4 Qxd4+ 13. Qxd4 Nxd4 14. Bd1
Rd8 1/2-1/2

[Event "South Wales International"]
[Site "Penarth Conservative Club, WLS"]
[Date "2013.07.17"]
[Round "7.3"]
[White "Hawkins, Jonathan"]
[Black "Marusenko, Petr"]
[Result "1-0"]
[WhiteElo "2517"]
[BlackElo "2213"]
[PlyCount "49"]
[EventDate "2013.??.??"]

1. d4 f5 2. Bg5 g6 3. Nc3 Bg7 4. e3 Nf6 5. h4 O-O 6. Bc4+ e6 7. h5 h6 8. Bxf6
Qxf6 9. hxg6 d5 10. Bd3 b6 11. Qf3 Bb7 12. Nce2 c5 13. c3 Nd7 14. Nf4 e5 15.
Nxd5 Qd6 16. Ne7+ Qxe7 17. Qxb7 cxd4 18. Ne2 dxe3 19. O-O-O Rad8 20. Bc4+ Kh8
21. fxe3 Rf6 22. Bb5 Rd6 23. Qc7 Rxg6 24. g3 Qg5 25. Kb1 1-0

[Event "South Wales International"]
[Site "Penarth Conservative Club, WLS"]
[Date "2013.07.17"]
[Round "7.4"]
[White "Cooksey, Paul"]
[Black "Arkell, Keith C"]
[Result "0-1"]
[WhiteElo "2293"]
[BlackElo "2444"]
[PlyCount "116"]
[EventDate "2013.??.??"]

1. c4 c5 2. Nf3 Nc6 3. Nc3 g6 4. g3 Bg7 5. Bg2 Nf6 6. d4 cxd4 7. Nxd4 Nxd4 8.
Qxd4 d6 9. O-O O-O 10. Qd3 Nd7 11. b3 Nc5 12. Qd2 Rb8 13. Bb2 b6 14. h4 h5 15.
Rad1 Bb7 16. Nd5 Bxb2 17. Qxb2 Bxd5 18. Rxd5 Nd7 19. Qd2 Nf6 20. Rd4 Kg7 21. f4
Qc7 22. Bf3 Rfd8 23. Rd1 b5 24. Kg2 Rdc8 25. cxb5 Rxb5 26. Rc4 Qb8 27. Rxc8
Qxc8 28. Rc1 Qb8 29. Rc4 d5 30. Rc2 e5 31. fxe5 Qxe5 32. Qf4 Qxf4 33. gxf4 a5
34. e3 Ng8 35. Be2 Rb4 36. Rc5 a4 37. Rb5 Re4 38. Bf3 Rxe3 39. bxa4 Ra3 40.
Bxd5 Rxa4 41. Kf3 Ne7 42. Bb3 Ra7 43. Ke4 Nf5 44. Kd5 Nxh4 45. a4 Nf5 46. Kc5
h4 47. a5 h3 48. Bd5 h2 49. Kb6 Rd7 50. Bg2 Ne3 51. Bf3 Nc4+ 52. Kc5 Rc7+ 53.
Kd4 Nd6 54. Rb2 Rc4+ 55. Ke5 Nf5 56. Ra2 Rd4 57. a6 f6+ 58. Ke6 Rd6# 0-1

[Event "South Wales International"]
[Site "Penarth Conservative Club, WLS"]
[Date "2013.07.17"]
[Round "7.5"]
[White "Hanley, Craig A"]
[Black "Brown, Martin"]
[Result "1-0"]
[WhiteElo "2433"]
[BlackElo "2203"]
[PlyCount "71"]
[EventDate "2013.??.??"]

1. d4 Nf6 2. c4 g6 3. g3 Bg7 4. Bg2 d5 5. cxd5 Nxd5 6. e4 Nb6 7. Ne2 e5 8. d5
c6 9. Nbc3 O-O 10. O-O cxd5 11. exd5 Na6 12. b3 f5 13. Ba3 Rf7 14. Qd2 f4 15.
Be4 f3 16. Nc1 g5 17. Nd3 g4 18. Rfd1 Bf5 19. d6 Rc8 20. Bxf5 Rxf5 21. Ne4 Nd7
22. Nb2 Nb6 23. Nc4 Nxc4 24. Qd5+ Kh8 25. d7 Nxa3 26. dxc8=Q Qxc8 27. Rac1 Qb8
28. Nd6 Rf8 29. Nf7+ Rxf7 30. Qxf7 Qf8 31. Rd7 Qxf7 32. Rxf7 h6 33. Rxb7 e4 34.
Rxa7 Nb5 35. Rxa6 Nc3 36. Rxc3 1-0

[Event "South Wales International"]
[Site "Penarth Conservative Club, WLS"]
[Date "2013.07.17"]
[Round "7.6"]
[White "Strugnell, Carl"]
[Black "Horton, Justin"]
[Result "0-1"]
[WhiteElo "2302"]
[BlackElo "2090"]
[PlyCount "73"]
[EventDate "2013.??.??"]

1. e4 e5 2. Nf3 Nc6 3. Bb5 Nf6 4. d3 d6 5. O-O g6 6. d4 Bd7 7. d5 Nb8 8. Bxd7+
Nbxd7 9. Re1 Bg7 10. c4 O-O 11. Nc3 a5 12. Rb1 Nc5 13. b3 Qd7 14. h3 Nh5 15.
Be3 b6 16. a3 f5 17. exf5 Qxf5 18. Ng5 Nf4 19. Qg4 h6 20. Bxc5 bxc5 21. Nge4
Rf7 22. Qd1 h5 23. b4 axb4 24. axb4 cxb4 25. Rxb4 Bh6 26. Kh2 Ra3 27. Rb3 Rxb3
28. Qxb3 Nxg2 29. Qb8+ Kg7 30. Kxg2 Qf3+ 31. Kf1 Qxh3+ 32. Ke2 Qf3+ 33. Kf1 Bd2
34. Qb1 Bxc3 35. Rd1 Rf4 36. Qd3 Qh1+ 37. Ke2 0-1

[Event "South Wales International"]
[Site "Penarth Conservative Club, WLS"]
[Date "2013.07.17"]
[Round "7.7"]
[White "Rudd, Jack"]
[Black "Hughes, John"]
[Result "0-1"]
[WhiteElo "2280"]
[BlackElo "2046"]
[PlyCount "124"]
[EventDate "2013.??.??"]

1. e4 c5 2. Nf3 e6 3. d4 cxd4 4. Nxd4 a6 5. Bd3 Bc5 6. Nb3 Be7 7. c4 d6 8. O-O
Nd7 9. Nc3 Ngf6 10. f4 Qc7 11. Be3 b6 12. Qf3 Bb7 13. Rac1 O-O 14. Qh3 Rfe8 15.
g4 g6 16. g5 Nh5 17. f5 Ne5 18. fxe6 fxe6 19. Be2 Ng7 20. Nd4 Qd7 21. b3 Bc8
22. Nf3 Qc7 23. Nxe5 dxe5 24. Na4 Rb8 25. c5 b5 26. Nb6 Bb7 27. Bg4 Bxe4 28.
Bxe6+ Nxe6 29. Qxe6+ Kh8 30. Nd5 Bxd5 31. Qxd5 Rbd8 32. Qe4 Bf8 33. Rf3 Bg7 34.
Rcf1 Re7 35. b4 Rc8 36. Rd1 Rd7 37. Rxd7 Qxd7 38. Bf2 Qc6 39. Qxc6 Rxc6 40. Rd3
Kg8 41. Rd8+ Kf7 42. Rd7+ Kf8 43. Rb7 e4 44. Rb6 Rc7 45. Rxa6 Bc3 46. a3 Bd2
47. Re6 Re7 48. Rxe7 Kxe7 49. Kf1 Bxg5 50. Ke2 Bc1 51. a4 bxa4 52. b5 Bf4 53.
h4 a3 54. Bd4 a2 55. Bc3 Kd7 56. c6+ Kd6 57. Bb4+ Kd5 58. Bc3 Kc5 59. Bd2 a1=Q
60. Bxf4 Kxb5 61. c7 Qc3 62. Kf2 Ka6 0-1

[Event "South Wales International"]
[Site "Penarth Conservative Club, WLS"]
[Date "2013.07.17"]
[Round "7.8"]
[White "House, Glenn L"]
[Black "Hickman, John E"]
[Result "1-0"]
[WhiteElo "2211"]
[BlackElo "1965"]
[PlyCount "141"]
[EventDate "2013.??.??"]

1. d3 g6 2. g3 Bg7 3. Bg2 Nf6 4. e4 e5 5. Nf3 d6 6. O-O O-O 7. c3 a5 8. Re1 Nc6
9. Nbd2 Nd7 10. Qc2 Nc5 11. b3 b6 12. a3 Ba6 13. c4 Qe7 14. Nf1 Ne6 15. Ne3
Ncd4 16. Nxd4 Nxd4 17. Qd1 c6 18. Rb1 Bb7 19. Nc2 Nxc2 20. Qxc2 c5 21. Be3 Ra7
22. Rb2 Bf6 23. Qd2 Bg7 24. Ra2 Rfa8 25. Bh3 Bc6 26. Rb1 b5 27. cxb5 Bxb5 28.
a4 Bc6 29. Qc2 Bf6 30. Bd2 Bg5 31. Bc3 Qc7 32. Rf1 Bh6 33. Rb2 Rb7 34. Rfb1
Rab8 35. Be1 Be8 36. Qc4 Bc6 37. Bg4 Qb6 38. h4 Ra7 39. h5 Qa6 40. Qc2 Rab7 41.
Bc3 Ra7 42. Kh2 Rab7 43. Kg1 Ra7 44. Kh2 Rab7 45. Qe2 Qb6 46. Rh1 Bg5 47. Rf1
Qc7 48. Qc2 Ra7 49. Kg1 Qe7 50. Rfb1 Qc7 51. Be1 Qb6 52. Bc3 Qc7 53. Qd1 Rab7
54. Qe1 Ra7 55. Kh2 Qb6 56. Qf1 Qc7 57. f4 exf4 58. gxf4 Bh6 59. Kg1 Rab7 60.
Qf2 Bg7 61. Bxg7 Kxg7 62. f5 Qd8 63. f6+ Kg8 64. Qf4 Bxa4 65. hxg6 fxg6 66.
Be6+ Kh8 67. Bd5 Rb4 68. f7 Qe7 69. bxa4 Rxb2 70. Rxb2 Rxb2 71. f8=Q+ 1-0

[Event "South Wales International"]
[Site "Penarth Conservative Club, WLS"]
[Date "2013.07.17"]
[Round "7.9"]
[White "Steffens, Olaf"]
[Black "Jones, Steven"]
[Result "1-0"]
[WhiteElo "2200"]
[BlackElo "2033"]
[PlyCount "49"]
[EventDate "2013.??.??"]

1. b4 c6 2. e3 d5 3. Bb2 Qb6 4. a3 a5 5. b5 Nf6 6. c4 e6 7. Nc3 cxb5 8. Nxb5
Bd7 9. Bd4 Bc5 10. Bxc5 Qxc5 11. d4 Qc6 12. cxd5 Nxd5 13. Rc1 Qb6 14. e4 Bxb5
15. Bxb5+ Ke7 16. exd5 Qxb5 17. Rc5 Qb6 18. dxe6 f6 19. Ne2 Kxe6 20. Nf4+ Kf7
21. Qh5+ g6 22. Qd5+ Kg7 23. Ne6+ Kh6 24. Qe4 g5 25. h4 1-0

[Event "South Wales International"]
[Site "Penarth Conservative Club, WLS"]
[Date "2013.07.17"]
[Round "7.10"]
[White "Braun, Walter"]
[Black "Robinson, David"]
[Result "1-0"]
[WhiteElo "2236"]
[BlackElo "1926"]
[PlyCount "91"]
[EventDate "2013.??.??"]

1. f4 d5 2. Nf3 Nf6 3. e3 Bf5 4. b3 e6 5. Bb2 Bd6 6. c4 c6 7. Nc3 Nbd7 8. Be2
Qe7 9. O-O h6 10. Rc1 O-O 11. h3 Ne4 12. cxd5 exd5 13. Nd4 Bh7 14. Bg4 Ndf6 15.
Bf5 g6 16. Bxe4 Nxe4 17. Nxe4 Qxe4 18. Qf3 Rae8 19. Qxe4 Rxe4 20. g4 f5 21.
gxf5 gxf5 22. Kf2 Rf7 23. Rg1+ Kf8 24. Nf3 Re6 25. Bd4 a6 26. Bc5 Rg7 27. Nd4
Rf6 28. b4 Kf7 29. Rxg7+ Kxg7 30. Bxd6 Rxd6 31. a4 Kf6 32. a5 Bg8 33. Ke2 Be6
34. Kd3 Rd8 35. Rg1 Bf7 36. Nb3 Be6 37. Kd4 Bc8 38. Nc5 Re8 39. h4 h5 40. Rg5
Rh8 41. Nd3 Bd7 42. Ne5 Be8 43. Kc5 Rh7 44. Rg8 Re7 45. Rf8+ Ke6 46. d4 1-0

[Event "South Wales International"]
[Site "Penarth Conservative Club, WLS"]
[Date "2013.07.17"]
[Round "7.13"]
[White "Harley-Yeo, Gareth"]
[Black "Bennett, Rhys"]
[Result "0-1"]
[WhiteElo "1979"]
[BlackElo "1729"]
[PlyCount "86"]
[EventDate "2013.??.??"]

1. d4 d5 2. c4 e6 3. Nc3 Nf6 4. cxd5 exd5 5. Bg5 Nbd7 6. e3 Be7 7. Bd3 c6 8.
Qc2 Nh5 9. Bxe7 Qxe7 10. O-O-O g6 11. h3 Nb6 12. Nf3 Be6 13. Kb1 O-O-O 14. g4
Ng7 15. Na4 Nxa4 16. Qxa4 Kb8 17. Rc1 h5 18. Ne5 Qc7 19. Nxc6+ bxc6 20. Rxc6
Qe7 21. Ba6 Bc8 22. Qb3+ Ka8 23. Rhc1 Bxa6 24. Rxa6 Qb7 25. Qa4 Rc8 26. Rc5
Rxc5 27. dxc5 hxg4 28. h4 Rxh4 29. Rd6 Rh1+ 30. Kc2 Rh8 31. c6 Rc8 32. Kb1 Qc7
33. Rd7 Qb6 34. Rxf7 Ne6 35. Rb7 Nc5 36. Qxg4 Qxc6 37. Rg7 Ne4 38. a3 Qc2+ 39.
Ka1 Nd2 40. Qg1 Nb3+ 41. Ka2 Nc1+ 42. Ka1 Nd3 43. Qb1 Qb3 0-1

[Event "South Wales International"]
[Site "Penarth Conservative Club, WLS"]
[Date "2013.07.17"]
[Round "7.14"]
[White "Bryant, Richard BE"]
[Black "Staniforth, Matthew"]
[Result "1-0"]
[WhiteElo "1934"]
[BlackElo "1897"]
[PlyCount "50"]
[EventDate "2013.??.??"]

1. e4 e5 2. Nf3 Nc6 3. d4 exd4 4. Nxd4 Nxd4 5. Qxd4 Ne7 6. Bf4 Nc6 7. Qd2 Bc5
8. Bc4 d6 9. Bg5 f6 10. Bh4 Qe7 11. O-O g5 12. Bg3 h5 13. h4 Bd7 14. Nc3 O-O-O
15. Rfe1 Qg7 16. Nd5 Nd4 17. b4 gxh4 18. bxc5 Nf3+ 19. gxf3 hxg3 20. c6 Bxc6
21. fxg3 Qxg3+ 22. Qg2 Qe5 23. Qf2 Rdg8+ 24. Kf1 Rg5 25. f4 Bxd5 1-0

[Event "South Wales International"]
[Site "Penarth Conservative Club, WLS"]
[Date "2013.07.17"]
[Round "7.15"]
[White "Pleasants, Allan J"]
[Black "Evans, Nicholas"]
[Result "1-0"]
[WhiteElo "2038"]
[BlackElo "1755"]
[PlyCount "61"]
[EventDate "2013.??.??"]

1. c4 e6 2. g3 d5 3. Bg2 Nf6 4. Nc3 c5 5. d3 Be7 6. Bg5 O-O 7. cxd5 Nxd5 8.
Bxe7 Nxe7 9. Nf3 Nbc6 10. Rc1 Rb8 11. O-O b6 12. Qa4 Qd7 13. a3 Nd5 14. Qh4 Bb7
15. Rfd1 Qe7 16. Qxe7 Ncxe7 17. Ne5 Rfd8 18. Ne4 Nf5 19. e3 Nd6 20. Nxd6 Rxd6
21. d4 cxd4 22. Rxd4 f6 23. Nc4 Rdd8 24. Rcd1 Rdc8 25. Nd6 Rc2 26. Nxb7 Rxb7
27. Rxd5 exd5 28. Bxd5+ Rf7 29. Bb3 Rc8 30. Rd7 Rcf8 31. Rxa7 1-0

[Event "South Wales International"]
[Site "Penarth Conservative Club, WLS"]
[Date "2013.07.17"]
[Round "7.16"]
[White "Waterfield, John W"]
[Black "Thomas, Ben"]
[Result "1-0"]
[WhiteElo "1980"]
[BlackElo "1716"]
[PlyCount "55"]
[EventDate "2013.??.??"]

1. e4 c5 2. c3 d5 3. exd5 Qxd5 4. d4 e6 5. Nf3 Nc6 6. Bd3 Nf6 7. O-O Be7 8. a3
O-O 9. c4 Qd8 10. dxc5 a5 11. Nc3 h6 12. Na4 e5 13. Nb6 Ra6 14. Nxc8 Qxc8 15.
Re1 Bxc5 16. Nxe5 Bxf2+ 17. Kxf2 Nxe5 18. h3 Re8 19. Bf4 Nfd7 20. Kg1 Rae6 21.
Qd2 Qc5+ 22. Kh2 Kh8 23. b4 Qd4 24. Bf5 Rd6 25. Qxd4 Rxd4 26. Bxd7 Rxd7 27.
Bxe5 Rde7 28. Bg3 1-0

[Event "South Wales International"]
[Site "Penarth Conservative Club, WLS"]
[Date "2013.07.17"]
[Round "7.17"]
[White "Guy, David"]
[Black "Du Toit, Stephanie"]
[Result "1-0"]
[WhiteElo "1965"]
[BlackElo "1603"]
[PlyCount "81"]
[EventDate "2013.??.??"]

1. d4 d5 2. c4 c6 3. e3 Nf6 4. Nf3 Bf5 5. Nc3 e6 6. Be2 dxc4 7. Bxc4 Be7 8. O-O
O-O 9. h3 Nbd7 10. Qe2 c5 11. e4 Bg6 12. e5 Ne8 13. d5 exd5 14. Nxd5 Nc7 15.
Nxc7 Qxc7 16. e6 Nf6 17. exf7+ Bxf7 18. Bxf7+ Rxf7 19. Ng5 Bd6 20. Nxf7 Qxf7
21. Rd1 Re8 22. Qf3 Qe7 23. Bf4 Bxf4 24. Qxf4 b6 25. Rac1 Kh8 26. Rd3 Qe2 27.
Re3 Rxe3 28. fxe3 Qxb2 29. Rd1 Qxa2 30. e4 Qe6 31. Qb8+ Ng8 32. e5 h6 33. Rd8
c4 34. Re8 Qd5 35. e6 Qd1+ 36. Kh2 c3 37. Rxg8+ Kh7 38. Rh8+ Kg6 39. Qe8+ Kg5
40. Qe7+ Kg6 41. Qf7+ 1-0

[Event "South Wales International"]
[Site "Penarth Conservative Club, WLS"]
[Date "2013.07.17"]
[Round "7.18"]
[White "Ehsander, Peter"]
[Black "Thorpe, Thomas"]
[Result "0-1"]
[WhiteElo "1959"]
[BlackElo "1885"]
[PlyCount "50"]
[EventDate "2013.??.??"]

1. e4 c5 2. Nf3 Nc6 3. Bb5 g6 4. O-O Bg7 5. Re1 d6 6. Bxc6+ bxc6 7. d3 e5 8. c3
Ne7 9. h3 O-O 10. d4 cxd4 11. cxd4 Qc7 12. dxe5 dxe5 13. Be3 Ba6 14. Nc3 Rab8
15. Qa4 Bd3 16. Red1 Rfd8 17. Qxa7 Rb7 18. Qa3 f5 19. Ng5 Qc8 20. Na4 fxe4 21.
Nc5 Rb5 22. Ncxe4 Bxe4 23. Qxe7 Bd5 24. Ne6 Rd7 25. Rxd5 Rbxd5 0-1

[Event "South Wales International"]
[Site "Penarth Conservative Club, WLS"]
[Date "2013.07.17"]
[Round "7.19"]
[White "Bennett, Owen"]
[Black "Stensholt, Sigvat"]
[Result "1/2-1/2"]
[WhiteElo "1706"]
[BlackElo "1945"]
[PlyCount "93"]
[EventDate "2013.??.??"]

1. d4 d5 2. Nf3 Nf6 3. c4 dxc4 4. e3 e6 5. Bxc4 c5 6. O-O a6 7. Nc3 b5 8. Be2
Bb7 9. a3 Nc6 10. dxc5 Bxc5 11. b4 Bb6 12. Bb2 O-O 13. Qb3 Qe7 14. Rfd1 Rfd8
15. Rac1 Rxd1+ 16. Rxd1 Rd8 17. Rxd8+ Bxd8 18. Qc2 Bc7 19. Bd3 Ne5 20. Nxe5
Bxe5 21. h3 Qd7 22. Be2 Nd5 23. Qd2 Qc6 24. Bf3 Bxc3 25. Bxc3 Qxc3 26. Qxc3
Nxc3 27. Bxb7 Nb1 28. Be4 Nxa3 29. Bd3 Kf8 30. Kf1 Ke7 31. Ke2 Kd6 32. Kd2 f5
33. f3 Kd5 34. Kc3 Nc4 35. e4+ Ke5 36. Bxc4 bxc4 37. exf5 exf5 38. Kxc4 Kd6 39.
f4 h5 40. h4 Kc6 41. Kc3 Kd5 42. Kd3 Kc6 43. Kc4 Kd6 44. Kd4 Kc6 45. Kc4 Kd6
46. Kd4 Kc6 47. Kc4 1/2-1/2

[Event "South Wales International"]
[Site "Penarth Conservative Club, WLS"]
[Date "2013.07.17"]
[Round "7.20"]
[White "Fox, Chris"]
[Black "Kostanjsek, Luke"]
[Result "0-1"]
[WhiteElo "1770"]
[BlackElo "1929"]
[PlyCount "70"]
[EventDate "2013.??.??"]

1. d4 Nf6 2. Nf3 c5 3. c3 e6 4. e3 Nc6 5. Bd3 d5 6. Nbd2 Be7 7. O-O O-O 8. Ne5
Nxe5 9. dxe5 Nd7 10. f4 Rb8 11. Qh5 f5 12. Rf3 g6 13. Rg3 Rf7 14. Qe2 a6 15.
Nf3 Rg7 16. Bd2 b5 17. b4 Nb6 18. Rd1 Nc4 19. Bxc4 bxc4 20. a3 a5 21. Rb1 Bf8
22. Ne1 Rgb7 23. Nc2 Bd7 24. Qe1 Ba4 25. Na1 Be7 26. Rf3 Qf8 27. h4 cxb4 28.
cxb4 axb4 29. axb4 Bxb4 30. Bxb4 Rxb4 31. Rc1 Qd8 32. h5 Rb2 33. Rg3 Kg7 34.
Rg5 d4 35. hxg6 h6 0-1

[Event "South Wales International"]
[Site "Penarth Conservative Club, WLS"]
[Date "2013.07.17"]
[Round "7.22"]
[White "de Brouwere, Johan"]
[Black "Menadue, Jeremy"]
[Result "0-1"]
[WhiteElo "1727"]
[BlackElo "2145"]
[PlyCount "44"]
[EventDate "2013.??.??"]

1. d4 d5 2. Nf3 Nf6 3. Bf4 c5 4. e3 cxd4 5. exd4 Nc6 6. c3 Bg4 7. Nbd2 e6 8.
Qa4 Bd6 9. Bxd6 Qxd6 10. Ne5 O-O 11. f4 a6 12. Nxc6 Qxf4 13. Ne7+ Kh8 14. Be2
Qe3 15. Qd1 Rfe8 16. Rf1 Rxe7 17. Nf3 Bxf3 18. Rxf3 Qg1+ 19. Bf1 Qxh2 20. Qc2
Qh4+ 21. Kd2 Ne4+ 22. Kd3 f5 0-1

[Event "South Wales International"]
[Site "Penarth Conservative Club, WLS"]
[Date "2013.07.17"]
[Round "7.24"]
[White "Tarr, Stephen"]
[Black "Davis, Lee"]
[Result "0-1"]
[WhiteElo "1826"]
[BlackElo "1956"]
[PlyCount "110"]
[EventDate "2013.??.??"]

1. d4 Nf6 2. Bf4 d6 3. e3 g6 4. c4 Bg7 5. Nc3 O-O 6. Be2 c6 7. Nf3 Qa5 8. O-O
Nbd7 9. h3 e5 10. Bh2 exd4 11. exd4 d5 12. Bd6 Re8 13. b4 Qa3 14. Qc1 Qxc1 15.
Raxc1 dxc4 16. Bxc4 Nb6 17. Bb3 Be6 18. Bxe6 Rxe6 19. Be5 h6 20. b5 Rc8 21.
bxc6 Rexc6 22. Ne2 Rc2 23. Rfe1 Nfd5 24. Kf1 Nb4 25. a3 Nd3 26. Rxc2 Rxc2 27.
Rd1 Nxe5 28. Nxe5 Bxe5 29. dxe5 Ra2 30. Nd4 Rxa3 31. Nb5 Ra5 32. Nd6 Rxe5 33.
Nxb7 Nc4 34. Ra1 a5 35. Ra4 Rb5 36. Rxc4 Rxb7 37. Ra4 Ra7 38. Ke2 Kg7 39. Kd3
Kf6 40. Kc4 Ke5 41. Kc5 Rd7 42. f4+ Ke6 43. g4 f5 44. Kc6 Rd6+ 45. Kc5 Rd3 46.
Kc4 Rxh3 47. Rxa5 fxg4 48. Kd4 Rb3 49. Ke4 Rb4+ 50. Ke3 h5 51. Rg5 Kf6 52. Ra5
Rb6 53. Rc5 Re6+ 54. Kf2 Re4 55. Kg3 Re3+ 0-1

[Event "South Wales International"]
[Site "Penarth Conservative Club, WLS"]
[Date "2013.07.17"]
[Round "7.27"]
[White "Hurn, Robert AJ"]
[Black "Thomas, James"]
[Result "1/2-1/2"]
[WhiteElo "1770"]
[BlackElo "1887"]
[PlyCount "37"]
[EventDate "2013.??.??"]

1. d4 d5 2. c4 e6 3. Nc3 Nf6 4. cxd5 exd5 5. Bg5 c6 6. e3 Be7 7. Qc2 Nbd7 8.
Bd3 h6 9. Bh4 O-O 10. Nge2 Re8 11. O-O a6 12. f3 c5 13. Qd2 cxd4 14. exd4 b5
15. Rac1 Bb7 16. Rfe1 Rc8 17. Bb1 Nf8 18. Qd3 Ng6 19. Bg3 1/2-1/2

[Event "South Wales International"]
[Site "Penarth Conservative Club, WLS"]
[Date "2013.07.17"]
[Round "7.28"]
[White "Williams, Ron"]
[Black "Lutchman Singh, Karanvir"]
[Result "1-0"]
[WhiteElo "1807"]
[BlackElo "1367"]
[PlyCount "77"]
[EventDate "2013.??.??"]

1. d4 Nf6 2. c4 g6 3. Nc3 Bg7 4. e4 d6 5. Nge2 O-O 6. Ng3 Nbd7 7. Be2 c5 8. d5
a5 9. O-O Nb6 10. Rb1 Bd7 11. a4 h5 12. f4 h4 13. Nh1 Qc8 14. Nf2 Rd8 15. Bd2
e6 16. b3 Qc7 17. Nd3 exd5 18. exd5 Qc8 19. Nf2 Re8 20. Bd3 Bf5 21. Qc2 Bxd3
22. Qxd3 Ng4 23. Nxg4 Qxg4 24. Qf3 Bd4+ 25. Kh1 Qxf3 26. Rxf3 Bxc3 27. Bxc3 Re4
28. Bf6 Rae8 29. h3 Re1+ 30. Rxe1 Rxe1+ 31. Kh2 Nd7 32. Bxh4 Rb1 33. Be7 b6 34.
Bxd6 Nf6 35. Bc7 Ne4 36. Bxb6 Nd2 37. Rd3 Rxb3 38. Rxb3 Nxb3 39. d6 1-0

[Event "South Wales International"]
[Site "Penarth Conservative Club, WLS"]
[Date "2013.07.17"]
[Round "7.31"]
[White "Sivarajasingam, Shayanna"]
[Black "Wills, Alex"]
[Result "0-1"]
[WhiteElo "1441"]
[BlackElo "1717"]
[PlyCount "128"]
[EventDate "2013.??.??"]

1. e4 e5 2. Nf3 Nc6 3. Nc3 Nf6 4. d4 exd4 5. Nxd4 Bb4 6. Nxc6 bxc6 7. Bd3 d6 8.
O-O h6 9. Ne2 Bg4 10. f3 Bc5+ 11. Kh1 Bd7 12. c3 O-O 13. Nd4 Rb8 14. Qe2 Re8
15. b3 Bb6 16. Bd2 Re7 17. Rae1 Qe8 18. Bf4 Nd5 19. Bd2 Ba5 20. Rc1 c5 21. c4
Nb4 22. Bxb4 Bxb4 23. Nc2 Bc3 24. Ne3 Bd4 25. Nd5 Re5 26. Nxc7 Qd8 27. f4 Re7
28. Nd5 Re8 29. Qd2 Bc6 30. Rce1 a5 31. Nc3 a4 32. Qc2 axb3 33. axb3 Qa5 34.
Nb1 Qb4 35. Nd2 Bc3 36. Rf2 Bxd2 37. Rxd2 Qxb3 38. Qxb3 Rxb3 39. h3 Rc3 40. Re3
f5 41. Rde2 fxe4 42. Bxe4 Rxe3 43. Rxe3 Rxe4 44. Rxe4 Bxe4 45. Kg1 Bd3 46. Kf2
Bxc4 47. Ke3 Bf1 48. Kf2 Bb5 49. Ke3 d5 50. g3 d4+ 51. Kd2 Bf1 52. h4 h5 53.
Kc2 c4 54. Kd2 c3+ 55. Kc2 Kf7 56. Kd1 d3 57. Kc1 Be2 58. f5 d2+ 59. Kc2 d1=Q+
60. Kxc3 Qd3+ 61. Kb4 Qc4+ 62. Ka3 Qc3+ 63. Ka4 Qb2 64. Ka5 Qb5# 0-1